Luz negra un acto, en dos cuadros y un prólogo
Guardado en:
| Hovedforfatter: | |
|---|---|
| Format: | Documento de Gobierno Bog |
| Sprog: | Spanish |
| Udgivet: |
San Salvador, El Salvador
Ministerio de Educación, Dirección de Publicaciones
1984
|
| Udgivelse: | 7. edición |
| Fag: | |
| Tags: |
Tilføj Tag
Ingen Tags, Vær først til at tagge denne postø!
|
MARC
| LEADER | 00000nam a22000007a 4500 | ||
|---|---|---|---|
| 007 | ta | ||
| 008 | 140124s1984 es ao||| ||||o000 d spa d | ||
| 040 | |a cru CIICLA Universidad de Costa Rica | ||
| 086 | |a ES862.4 M542L7 | ||
| 100 | 1 | |a Menén Desleal, Alvaro |d 1931- | |
| 245 | 1 | 0 | |a Luz negra |b un acto, en dos cuadros y un prólogo |c por Alvaro Menen Desleal |
| 250 | |a 7. edición | ||
| 260 | |a San Salvador, El Salvador |b Ministerio de Educación, Dirección de Publicaciones |c 1984 | ||
| 300 | |a 139 páginas |b ilustraciones | ||
| 650 | |a LITERATURA SALVADOREÑA |v TEATRO | ||
| 942 | |2 ddc |c BK | ||
| 999 | |c 3154 |d 3154 | ||
